00509nam a22001937a 450000500170000001000110001702000220002803500110005003700160006104000120007708200130008910000190010224500570012126000290017827000320020730000280023965000340026765000140030120170124110117.0 a821372 c00.00a086000001X a821372 bCen Lib/Ret aDPLbEN a921bROS aRosten, Norman aMarilyn :cby Norman Rostenba very personal story / aLondonbMillingtonc1974 bLondona109 Southampton Row a124p. :c21cm(Hb)bill. aMonroe, Marilyn, -- 1926-1962 aBiography